INOVÁCIA OBSAHU VYUČOVANIA A INOVÁCIA VÝCHOVY

Bibliographic Details
Main Author: Danek, Ján (Author)
Format: Article
Language:Slovak
ISBN:8080522553
Subjects:

MARC

LEADER 00000naa a2200000 a 4500
001 vtls011848396
003 SK-MaSNL
005 20260302133820.0
008 210910|2006 xo |||||||||||||||||slo|
015 |a SNBCL 
035 |a (urnnbn)urn:nbn:sk:snk:ar-a0apxx 
035 |a urn:nbn:sk:snk-aaw40p 
035 |a (uuid)64dc80ca-d6b7-4fc4-867f-47dccb5834e8 
040 |a SNKBUCL  |b slo  |c SNKBUCL  |e AACR2 
041 |a slo 
044 |a xo  |c SK 
100 1 |a Danek, Ján  |4 aut  |9 341283 
245 1 0 |a INOVÁCIA OBSAHU VYUČOVANIA A INOVÁCIA VÝCHOVY  |c Ján Danek 
336 |a text  |b txt  |c rdacontent 
337 |a bez média  |b n  |c rdamedia 
338 |a zväzok  |b nc  |c rdacarrier 
655 7 |a články zo zborníkov  |2 snkbucl  |9 166140 
773 0 |t Fórum pedagogiky 2006  |d Bratislava : Metodicko-pedagogické centrum, 2006  |g S. 114-124  |z 8080522553 
958 |a OND 
958 |a article26 
958 |a chapter 
999 |c 1318692  |d 1320622